000 00667nam a2200229Ia 4500
003 OSt
005 20220926040552.0
006 a|||||r|||| 00| 0
007 ta
008 220923b |||||||| |||| 00| 0 eng d
037 _cGeneral Book
040 _aRTL
_cRTL
_beng
041 _2eng
_aeng
082 _aX0aTp1,N61, K1
100 _aHalsey A. H. Ed.
_9285046
111 _aOrganisation for Economic Cooperation and Development (Paris)
_9343222
245 0 _aAbility and educational opportunity.
260 _c1961
650 _aEconomics IRT Education
942 _hX0aTp1,N61, K1
_cGB
_2CC
999 _c665074
_d665074